Průzkum: Co HR profesionály nejvíc pálí

Spoločnosť Behavera uskutočnila behom roka medzi HR profesionálmi v ČR a na Slovensku prieskum Najväčšie HR výzvy 2022. Jeho cieľom bolo vo svetle neustálych súčasných zmien zistiť a potom sa s HR verejnosťou podeliť o to, čo HR profesionálov najviac páli. Pozrime sa na výsledky.

Salvato in:
Dettagli Bibliografici
Autore principale: Kubíček, Igor
Natura: Capitolo di libro
Lingua:ceco
Soggetti:
Tags: Aggiungi Tag
Nessun Tag, puoi essere il primo ad aggiungerne!!

MARC

LEADER 00000naa a2200000 4500
001 0292804
005 20240417075238.8
041 0 |a cze 
044 |a CZ 
245 1 0 |a Průzkum: Co HR profesionály nejvíc pálí  |c Igor Kubíček 
520 |a Spoločnosť Behavera uskutočnila behom roka medzi HR profesionálmi v ČR a na Slovensku prieskum Najväčšie HR výzvy 2022. Jeho cieľom bolo vo svetle neustálych súčasných zmien zistiť a potom sa s HR verejnosťou podeliť o to, čo HR profesionálov najviac páli. Pozrime sa na výsledky. 
610 2 0 |a zdroje ľudské 
610 2 0 |a prieskum 
610 2 0 |a nábor pracovníkov 
610 2 0 |a výber pracovníkov 
610 2 0 |a režim pracovný 
100 1 |a Kubíček, Igor